Realizácia systému pre meranie posuvnej rýchlosti telies
Saved in:
| Main Author: | |
|---|---|
| Other Authors: | |
| Format: | Manuscript Book |
| Language: | Slovak |
| Published: |
Bratislava :
STU v Bratislave FEI,
2025
|
| Subjects: | |
| Online Access: | https://opac.crzp.sk/?fn=detailBiblioFormChildIG31C&sid=8D80AD18777FCC7F65B3B04DC29E&seo=CRZP-detail-kniha |
| Tags: |
No Tags, Be the first to tag this record!
|
MARC
| LEADER | 00000ntm a22000003a 4500 | ||
|---|---|---|---|
| 001 | stuzp102390 | ||
| 003 | SK-STU | ||
| 005 | 20251104104121.9 | ||
| 007 | ta | ||
| 008 | 150427s2015----xo-----f-mn---000-0-slo-d | ||
| 040 | |a STU |b slo | ||
| 041 | 0 | |a slo | |
| 044 | |a xo | ||
| 100 | 1 | |a Fedor, Peter |u 030400 |4 aut |U FEI Fakulta elektrotechniky a informatiky |T FEI Ústav automobilovej mechatroniky |X 121642 |U E400 |Y 642 |7 121642 | |
| 242 | 0 | 1 | |a Implementation of system for object translation velocity measurement |y eng |
| 245 | 1 | 0 | |a Realizácia systému pre meranie posuvnej rýchlosti telies |
| 260 | |a Bratislava : |b STU v Bratislave FEI, |c 2025 | ||
| 300 | |a 78 s. | ||
| 650 | 4 | |a posuvná rýchlosť |2 slo | |
| 650 | 4 | |a meranie rýchlosti |2 slo | |
| 650 | 4 | |a experimentálny systém |2 slo | |
| 650 | 4 | |a Arduino |2 slo | |
| 650 | 4 | |a senzory prerušenia lúča |2 slo | |
| 650 | 4 | |a LabVIEW |2 slo | |
| 650 | 4 | |a riadiaci systém |2 slo | |
| 650 | 4 | |a speed measurement |2 eng | |
| 650 | 4 | |a break beam sensors |2 eng | |
| 650 | 4 | |a LabVIEW |2 eng | |
| 650 | 4 | |a translation speed |2 eng | |
| 650 | 4 | |a experimental system |2 eng | |
| 650 | 4 | |a Arduino |2 eng | |
| 650 | 4 | |a control system |2 eng | |
| 700 | 1 | |a Berta, Šimon |u 030400 |k Z8 |4 ths |U FEI Fakulta elektrotechniky a informatiky |T FEI Ústav automobilovej mechatroniky |X 86357 |U E400 |Y 642 |7 86357 | |
| 856 | 4 | |u https://opac.crzp.sk/?fn=detailBiblioFormChildIG31C&sid=8D80AD18777FCC7F65B3B04DC29E&seo=CRZP-detail-kniha | |